000 00729nam a2200217Ii 4500
003 JO-AjNU
008 230605s9999||||xx |||||||||||||| ||und||
017 _a1998/15272
020 _a977-01-5983
040 _aJO-AjNU
_bara
_erda
_cJO-AjNU
041 _aara
050 1 4 _aQH436.G6612 1998
100 3 _aجونيك ، لارى,
_eauthor
_97934
245 0 0 _aالوراثة والهندسة الوراثيه بالكاريكاتير
264 3 1 _aالقاهرة:الهيئةالمصرية العامه للكتاب ، 1971
300 _a208ص
336 _atext
_btxt
_2rdacontent
337 _aunmediated
_bn
_2rdamedia
338 _avolume
_bnc
_2rdacarrier
650 4 _aالوراثة-الهندسة الوراثية
_97935
999 _aA530
_c4098
_d4098